Les plus grandes Villes du massif des Vosges sur une carte - Statistiques

Statistiques générales
  • Ce quiz a été pris 74 fois
  • Le résultat moyen est 7 sur 9
Réponses sur la Carte
Les réponses sont colorées sur une échelle allant du rouge au vert en fonction du pourcentage des utilisateurs qui les ont devinées à leur premier essai. Vous pouvez retrouver ces pourcentages ci-dessous.
 
Statistiques - réponses
Réponse % Correct
Saint-Dié-des-Vosges
92%
Epinal
90%
Mulhouse
88%
Colmar
85%
Belfort
83%
Vesoul
83%
Sarrebourg
72%
Saverne
65%
Phalsbourg
55%
Aucun quiz correspondant
Distribution des résultats
% des personnes avec chaque résultat
Percentile par nombre de réponses
Votre historique - résultats
Vous n’avez pas pris ce quiz